Virtual instrumentation using lab view / (Record no. 42403)

MARC details
000 -LEADER
fixed length control field 00795nam a22002297a 4500
005 - DATE AND TIME OF LATEST TRANSACTION
control field 20100818111233.0
010 ## - LCCN (DPL NO)
LC control number ENG-100816
020 ## - INTERNATIONAL STANDARD BOOK NUMBER
International Standard Book Number 9788120340305
Terms of availability 375.00
035 ## - SYSTEM CONTROL NUMBER
System control number EN-84349
037 ## - SOURCE OF ACQUISITION
Source of stock number/acquisition DBAD/PUB
082 ## - DEWEY DECIMAL CLASSIFICATION NUMBER
Classification number 621.38154
100 ## - MAIN ENTRY--PERSONAL NAME
Personal name Jerome, Jovitha
245 ## - TITLE STATEMENT
Title Virtual instrumentation using lab view /
Statement of responsibility, etc by Jovitha Jerome
260 ## - PUBLICATION, DISTRIBUTION, ETC. (IMPRINT)
Place of publication, distribution, etc New Delhi
Name of publisher, distributor, etc PHI Learning
Date of publication, distribution, etc 2010
270 ## - ADDRESS
Address M-97, Connaught Circus
City New Delhi
Postal code 110001
300 ## - PHYSICAL DESCRIPTION
Extent xxiii, 392 p.
Dimensions 22cm (Pbk)
500 ## - GENERAL NOTE
General note Includes index
650 ## - SUBJECT ADDED ENTRY--TOPICAL TERM
Topical term or geographic name as entry element Automation data collection system
700 ## - ADDED ENTRY--PERSONAL NAME
9 (RLIN) 4162
942 ## - ADDED ENTRY ELEMENTS (KOHA)
Source of classification or shelving scheme Dewey Decimal Classification
Item type English Books
Classification part 621.38154
Call number suffix JER
Holdings
Withdrawn status Lost status Not for loan Collection code Home library Current library Date acquired Cost, normal purchase price Full call number Barcode Copy number Cost, replacement price Koha item type
    Not For Loan Non-fiction D.B.Act.Division D.B.Act.Division 18/08/2010 375.00 621.38154 JER EN-84349 1 375.00 English Books

© Delhi Public Library
Hit Counter
free hit counter